Etnicita ako štatistický ukazovateľ pri monitorovaní životných podmienok a diskriminácie analytická správa a odporúčania pre Slovenskú republiku

Saved in:
Bibliographic Details
Main Author: Škobla, Daniel
Other Authors: Leončikas, Tadas, Štěpánková, Martina
Format: Book
Language:Slovak
Published: Bratislava Regionálny úrad pre Európu a Spoločenstvo nezávislých štátov 2008
Subjects:
Tags: Add Tag
No Tags, Be the first to tag this record!

MARC

LEADER 00000nam$a2200000$$$4500
001 0075305
005 20240223110129.2
020 |a 978-80-89263-08-0 
041 0 |a slo 
044 |a SK 
245 1 0 |a Etnicita ako štatistický ukazovateľ pri monitorovaní životných podmienok a diskriminácie  |b analytická správa a odporúčania pre Slovenskú republiku  |c Daniel Škobla, Tadas Leončikas, Martina Štěpánková 
264 1 |a Bratislava  |b Regionálny úrad pre Európu a Spoločenstvo nezávislých štátov  |c 2008 
300 |a 92 s. 
610 2 0 |a národnosti 
610 2 0 |a zber dát 
610 2 0 |a dáta 
610 2 0 |a vývoj politický 
610 2 0 |a politika sociálna 
610 2 0 |a diskriminácia 
610 2 0 |a politika verejná 
610 2 0 |a plánovanie 
610 2 0 |a inštitúcie verejnoprávne 
610 2 0 |a legislatíva 
610 2 0 |a porovnanie medzinárodné 
610 2 0 |a ochrana údajov osobných 
610 2 0 |a štatistika 
610 2 0 |a populácia 
610 2 0 |a sčítanie ľudu 
610 2 0 |a ukazovatele štatistické 
610 2 0 |a podmienky životné 
610 2 0 |a mienka verejná 
610 2 0 |a Slovensko 
610 2 0 |a Európska únia 
610 2 0 |a Rómovia 
100 1 |a Škobla, Daniel 
700 1 |a Leončikas, Tadas 
700 1 |a Štěpánková, Martina